| 000 | 00527nam a2200181Ia 4500 | ||
|---|---|---|---|
| 008 | 100122s9999 xx 000 0 und d | ||
| 082 |
_b12650 _a823 |
||
| 100 | _aमोकाशी दि बा | ||
| 245 | _aपालखी | ||
| 250 | _a0 | ||
| 260 |
_bमौज प्रकाशन _c1964 |
||
| 300 | _a160 | ||
| 520 | _aमाळयावर गठ्ठा क्र 7 | ||
| 620 | _aमाळयावर गठ्ठा क्र 7 | ||
| 630 | _aपालखी | ||
| 730 | _aपालखी | ||
| 942 | _cBOOK | ||
| 999 |
_c403753 _d403750 |
||